Statistics for Top 50 Camera Manufacturers

Click here to take the quiz!

General Stats

  • This quiz has been taken 108 times
  • The average score is 12 of 50

Answer Stats

CountryManufacturer% Correct
JapanNikon
92%
JapanCanon
86%
JapanSony
81%
USAKodak
78%
JapanFuji / Fujifilm
67%
GermanyLeica / Leitz
65%
JapanPanasonic
54%
JapanOlympus
53%
JapanPentax
50%
SwedenHasselblad
49%
JapanKonica Minolta
46%
South KoreaSamsung
44%
GermanyZeiss Ikon
43%
JapanMinolta
42%
GermanyRollei
32%
USAPolaroid
26%
JapanKonica
22%
JapanYashica
21%
JapanMamiya
19%
JapanRicoh
19%
JapanSigma
18%
GermanyAgfa
17%
GermanyPentacon (Praktica)
17%
Austria/GermanyVoigtländer
15%
JapanZenza Bronica
14%
RussiaArsenal (Kiev)
13%
JapanCasio
10%
JapanChinon
10%
RussiaFED
10%
RussiaLomo / Gomz
10%
SwitzerlandPignons (Alpa)
10%
RussiaKMZ (Zorki)
8%
Latvia/GermanyMinox
7%
DenmarkPhase One
7%
USAArgus
6%
JapanCosina
6%
JapanKyocera
6%
USAVivitar
6%
USAAnsco
3%
USAGraflex
3%
GermanyIhagee (Exacta)
3%
GermanyErnemann
1%
GermanyGoerz
1%
GermanyICA
1%
JapanKowa
1%
GermanyLinhof
1%
Germany/JapanPlaubel
1%
JapanTopcon
1%
GermanyContessa-Nettel
0%
USASears
0%

Score Distribution

Percentile by Number Answered

Percent of People with Each Score

Your Score History

You have not taken this quiz